<?xml version="1.0" encoding="UTF-8"?><?xml-stylesheet type="text/xsl" href="static/style.xsl"?><OAI-PMH xmlns="http://www.openarchives.org/OAI/2.0/" xmlns:xsi="http://www.w3.org/2001/XMLSchema-instance" xsi:schemaLocation="http://www.openarchives.org/OAI/2.0/ http://www.openarchives.org/OAI/2.0/OAI-PMH.xsd"><responseDate>2026-06-29T02:32:10Z</responseDate><request verb="GetRecord" identifier="oai:docta.ucm.es:20.500.14352/114026" metadataPrefix="marc">https://docta.ucm.es/rest/oai/request</request><GetRecord><record><header><identifier>oai:docta.ucm.es:20.500.14352/114026</identifier><datestamp>2025-03-18T15:37:31Z</datestamp><setSpec>com_20.500.14352_14</setSpec><setSpec>col_20.500.14352_15</setSpec></header><metadata><record xmlns="http://www.loc.gov/MARC21/slim" xmlns:dcterms="http://purl.org/dc/terms/" xmlns:xsi="http://www.w3.org/2001/XMLSchema-instance" xmlns:doc="http://www.lyncode.com/xoai" xsi:schemaLocation="http://www.loc.gov/MARC21/slim http://www.loc.gov/standards/marcxml/schema/MARC21slim.xsd">
   <leader>00925njm 22002777a 4500</leader>
   <datafield ind2=" " ind1=" " tag="042">
      <subfield code="a">dc</subfield>
   </datafield>
   <datafield ind2=" " ind1=" " tag="720">
      <subfield code="a">Julián-Iranzo, Pascual</subfield>
      <subfield code="e">author</subfield>
   </datafield>
   <datafield ind2=" " ind1=" " tag="720">
      <subfield code="a">Sáenz Pérez, Fernando</subfield>
      <subfield code="e">author</subfield>
   </datafield>
   <datafield ind2=" " ind1=" " tag="260">
      <subfield code="c">2023</subfield>
   </datafield>
   <datafield ind2=" " ind1=" " tag="520">
      <subfield code="a">The fuzzy logic programming language Bousi∼Prolog extends Prolog with a weak unification algorithm based on proximity relations and truth degree annotations. The weak unification algorithm makes the search for answers more flexible, while rule annotations make possible knowledge-based applications where the rules may be uncertain. In this paper, after recalling the main concepts supporting this language, we detail its design and implementation. We describe the implementation of its operational semantics, which is based on compiling programs and queries into Prolog, and those important features that makes it more applicable: fuzzy sets, integration with WordNet and efficiency techniques. The result is a high-level open-source implementation of the Bousi∼Prolog system, written on top of SWI-Prolog, and publicly available. We also summarise some experiments measuring its performance compared to other systems.</subfield>
   </datafield>
   <datafield ind1="8" ind2=" " tag="024">
      <subfield code="a">P. Julián-Iranzo and F. Sáenz-Pérez, "Bousi~Prolog: Design and implementation of a proximity-based fuzzy logic programming language", Expert Systems with Applications, Volume 213, Part A, 2023. DOI 10.1016/j.eswa.2022.118858.</subfield>
   </datafield>
   <datafield ind1="8" ind2=" " tag="024">
      <subfield code="a">10.1016/j.eswa.2022.118858</subfield>
   </datafield>
   <datafield ind1="8" ind2=" " tag="024">
      <subfield code="a">https://hdl.handle.net/20.500.14352/114026</subfield>
   </datafield>
   <datafield ind1="8" ind2=" " tag="024">
      <subfield code="a">https://dx.doi.org/10.1016/j.eswa.2022.118858</subfield>
   </datafield>
   <datafield ind2="0" ind1="0" tag="245">
      <subfield code="a">Bousi-Prolog: Design and Implementation of a Proximity-based Fuzzy Logic Programming Language</subfield>
   </datafield>
</record></metadata></record></GetRecord></OAI-PMH>